| 000 | 00709nam a2200253Ia 4500 | ||
|---|---|---|---|
| 003 | OSt | ||
| 005 | 20220928123952.0 | ||
| 006 | a|||||r|||| 00| 0 | ||
| 007 | ta | ||
| 008 | 220927b |||||||| |||| 00| 0 eng d | ||
| 024 | _a44189 | ||
| 037 | _cTextual | ||
| 040 |
_aSDCL _cSDCL _beng |
||
| 041 |
_2eng _aeng |
||
| 082 | _aX652:(D6,8(B)), P0 | ||
| 100 |
_aHill John R _9462795 |
||
| 245 | 0 | _aUltimate Trading guide | |
| 260 |
_aNew York _b John Wiley and Sons _c2000 |
||
| 300 |
_axv,301p _ccm. |
||
| 700 |
_a Hill Lundy _9462796 |
||
| 700 |
_a Pruitt Goerge _9462797 |
||
| 942 |
_hX652:(D6,8(B)), P0 _cTEXL _2CC |
||
| 999 |
_c775760 _d775760 |
||